000 00578nam a22002057a 4500
003 KOHA_MİRAKIL
005 20260511122401.0
008 260507b tu ||||| |||| 00| 0 tur d
020 _a9786253692537
040 _aTR-AnABB
_btur
_cTR-AnABB
041 _atur
082 _a811.42
_bCEN 2024
100 1 _aCengizkan, Ali
245 1 0 _aŞehrin gölgeleri /
_cAli Cengizkan
260 _aİstanbul :
_bEverest Yayınları ,
_c2024
300 _a68 sayfa ;
_c20 cm.
650 0 4 _aTürk edebiyatı, şiir
900 _bCan ÇELIK
942 _2ddc
_cBK
999 _c10374
_d10374